| 000 | 00339nam a22001217a 4500 | ||
|---|---|---|---|
| 008 | 240910b |||||||| |||| 00| 0 eng d | ||
| 040 |
_aNational Science Library _cNational Science Library |
||
| 080 |
_aR 802.0(038)=951 _bL4 |
||
| 100 | _aYi-Li, Cheng | ||
| 245 | _aNew English-Chinese dictionary | ||
| 300 | _a2143p. | ||
| 942 |
_2udc _cREF |
||
| 999 |
_c66756 _d66756 |
||